Riadiace orgány akciovej spoločnosti
Úlohy a vývoj akciových spoločností od r. 1949, legislatívne zakotvenie. Príčiny nízkej úrovne riadiacej práce, účasť vedenia na personálnom obsadení a.s. na Slovensku. Riadiace orgány (valné zhromaždenie, predstavenstvo, dozorná rada) slovenských a zahraničných a.s. Nemecká, francúzska a americká l...
Salvato in:
| Autore principale: | |
|---|---|
| Natura: | Capitolo di libro |
| Lingua: | slovacco |
| Soggetti: | |
| Tags: |
Nessun Tag, puoi essere il primo ad aggiungerne!!
|
MARC
| LEADER | 00000naa a2200000 4500 | ||
|---|---|---|---|
| 001 | r015812 | ||
| 005 | 20240502071326.7 | ||
| 041 | 0 | |a slo | |
| 044 | |a SK | ||
| 245 | 1 | 0 | |a Riadiace orgány akciovej spoločnosti |c Štefan Slávik |
| 520 | |a Úlohy a vývoj akciových spoločností od r. 1949, legislatívne zakotvenie. Príčiny nízkej úrovne riadiacej práce, účasť vedenia na personálnom obsadení a.s. na Slovensku. Riadiace orgány (valné zhromaždenie, predstavenstvo, dozorná rada) slovenských a zahraničných a.s. Nemecká, francúzska a americká legislatíva. Návrhy na zmenu súčasného stavu v rámci platného zákona alebo zmenou legislatívy. Externí členovia v orgánoch a.s. | ||
| 610 | 2 | 0 | |a Slovensko |
| 610 | 2 | 0 | |a Nemecko |
| 610 | 2 | 0 | |a Francúzsko |
| 610 | 2 | 0 | |a USA |
| 610 | 2 | 0 | |a akcionári |
| 610 | 2 | 0 | |a spoločnosti akciové |
| 610 | 2 | 0 | |a manažment |
| 610 | 2 | 0 | |a zákonník obchodný |
| 610 | 2 | 0 | |a legislatíva |
| 610 | 2 | 0 | |a zhromaždenia valné |
| 610 | 2 | 0 | |a rady dozorné |
| 100 | 1 | |a Slávik, Štefan, 1955- | |